000 01655nam a2200349Ia 4500
001 ebr10674330
003 CaPaEBR
006 m u
007 cr cn|||||||||
008 121102s2013 si sb 101 0 eng d
010 _z 2012040685
020 _z9789814447539 (hardcover : alk. paper)
020 _z9789814447546 (ebook)
040 _aCaPaEBR
_cCaPaEBR
035 _a(OCoLC)830512317
050 1 4 _aQC174.17.P68
_bI59 2011eb
082 0 4 _a530.1201/5192
_223
111 2 _aInternational Conference on Quantum Probability and Related Topics
_n(32nd :
_d2011 :
_cLevico Terme, Italy)
245 1 0 _aQuantum probability and related topics
_h[electronic resource] :
_bproceedings of the 32nd conference, Levico Terme, Italy, 29 May - 2 June 2011 /
_cedited by Luigi Accardi (University of Rome II, Tor Vergata, Italy) & Franco Fagnola (Politecnico di Milano, Italy).
260 _aSingapore ;
_aHackensack, NJ :
_bWorld Scientific,
_cc2013.
300 _aviii, 271 p.
490 0 _aQP-PQ, quantum probability and white noise analysis ;
_vvol. 29
504 _aIncludes bibliographical references and index.
533 _aElectronic reproduction.
_bPalo Alto, Calif. :
_cebrary,
_d2013.
_nAvailable via World Wide Web.
_nAccess may be limited to ebrary affiliated libraries.
650 0 _aProbabilities
_vCongresses.
650 0 _aQuantum theory
_vCongresses.
655 7 _aElectronic books.
_2local
700 1 _aAccardi, L.
_q(Luigi),
_d1947-
700 1 _aFagnola, Franco.
710 2 _aebrary, Inc.
856 4 0 _uhttp://site.ebrary.com/lib/rucke/Doc?id=10674330
_zAn electronic book accessible through the World Wide Web; click to view
999 _c56896
_d56896